Κατάλογος Βιβλιοθηκών Mediterranean College

The Planning of Investment Programs in the Fertilizer Industry (Record no. 4089)

MARC details
000 -LEADER
fixed length control field 01343cam a22002174a 4500
005 - ΗΜΕΡΟΜΗΝΙΑ ΚΑΙ ΩΡΑ ΤΕΛΕΥΤΑΙΑΣ ΕΝΗΜΕΡΩΣΗΣ
Πεδίο ελέγχου 20250605164136.0
008 - FIXED-LENGTH DATA ELEMENTS--GENERAL INFORMATION
Πεδίο ελέγχου σταθερού μήκους 250528s ||||||||||||||||||||||||d
035 ## - SYSTEM CONTROL NUMBER
System control number 18774
020 ## - ISBN
ISBN 80182138
040 ## - ΠΗΓΗ ΚΑΤΑΛΟΓΟΓΡΑΦΗΣΗΣ
Φορέας πρωτότυπης καταλογογράφησης MC Athens Campus Library
Γλώσσα καταλογογράφησης Ελληνικά, Μοντέρνα (1453-)
Modifying agency MC Athens Campus Library
Κανόνες περιγραφικής καταλογογράφησης AACR2
245 1# - ΤΙΤΛΟΣ ΚΑΙ ΔΗΛΩΣΗ ΥΠΕΥΘΥΝΟΤΗΤΑΣ
Τίτλος The Planning of Investment Programs in the Fertilizer Industry
260 ## - PUBLICATION, DISTRIBUTION, ETC.
Name of publisher, distributor, etc. The John Hopkins University Press,
Date of publication, distribution, etc. 1980
300 ## - PHYSICAL DESCRIPTION
Extent 336
520 ## - SUMMARY, ETC.
Summary, etc. This volume deals specifically with the formulation of sector Wide investment programs in the fertilizer industry. Preface, General Methodology, Introduction, The Fertilizer Industry: Some Terminology, The Production of Nitrogenous Fertilizers, The Production of Phosphatic Fertilizers, The Production of Potassic Fertilizers, The Production of Multi Nutrient Fertilizers, Problems in Fertilizer Sector Planning, Planning Models for the Fertilizer Sector, The Complete Investment Planning Model, The Egyptian Fertilizer Sector: A Case Study, An Analysis of the Egyptian Fertilizer Sector in 1975, A Medium-Term Planning Model of the Egyptian Fertilizer Sector, Results of the Dynamic Analysis, Computer-Readable Representation of the Model, Index.
700 1# - ΠΡΟΣΘΕΤΗ ΑΝΑΓΡΑΦΗ--ΦΥΣΙΚΟ ΠΡΟΣΩΠΟ
Personal name Choksi Armeane M
9 (RLIN) 5020
700 1# - ΠΡΟΣΘΕΤΗ ΑΝΑΓΡΑΦΗ--ΦΥΣΙΚΟ ΠΡΟΣΩΠΟ
Personal name Meeraus Alexander
9 (RLIN) 5021
700 1# - ΠΡΟΣΘΕΤΗ ΑΝΑΓΡΑΦΗ--ΦΥΣΙΚΟ ΠΡΟΣΩΠΟ
Personal name Stoutjesdijk Ardy J
9 (RLIN) 5022
942 ## - ADDED ENTRY ELEMENTS (KOHA)
Koha item type Books
Holdings
Τύπος τεκμηρίου Βιβλιοθήκη Τρέχουσα τοποθεσία Barcode Αριθμός εισαγωγής Ημερομηνία απόκτησης Ταξιθετικό σύμβολο Αριθμός αντιτύπου Κατάσταση απόσυρσης Κατάσταση χαμένου Κατάσταση κατεστραμμένου Μη δανεισμός Σύνολο δανεισμών Ημερομηνία τελευταίας εμφάνισης Η τιμή ισχύει από
Books MC Athens Campus Library MC Athens Campus Library 9780000040886 3684 05/06/2025 338.4/366862 CHO 1           05/06/2025 05/06/2025

MC Athens Campus Library
Πατησίων 94 & Κοδριγκτώνος 13, 104 34
Πελλήνης 8 & Πατησίων 107, 112 51
Τ: +30 210 8899600

MC Thessaloniki Campus Library
Ίωνος Δραγούμη 21, 54625 | Ίωνος Δραγούμη 15, 54625
Τ: +30 2310 287779 – Τ: +30 2314 440300